00961nas a2200241Ia 4500001001100000003000900011008004100020040001300061040001300074041001300087100003800100210002300138222002300161245010100184250001100285260002100296501008600317300000900403310001200412362003400424500022500458650003600683R026/43484IT-RoPAU151124c99999999xx |||||||||||| ||und|| aIT-RoPAU cIT-RoPAU aITALIANO aAA.VV. gCodice Aut. SPICS: 12000 aNOSTRO CINEMA (IL) aNostro Cinema (Il) aNOSTRO CINEMA (IL), ANNO 12-N.134 (APRILE 1974)bNostro Cinema (Il), Anno 12-N.134 (Aprile 1974) a1a ed. aROMAbACECc1974 bPaulus - SPICS - Società San Paolo EM (non-commercial uses only)cCopyright2015 a4 p. aMENSILE aANNO 012, N.134 (APRILE 1974) aCattolici Nell'Ente di Gestione Cinema. Mass Media e Annuncio Evangelico. Testimonianze Sul 25[ dell'Acec. Tribuna Precongressuale. Notiziario. Recensione del Libro: Quaderni per Educare Alla Televisione di Zita Lorenzi. aCINEMAvPUBBLICAZIONE PERIODICA